000 00895nam a2200253 a 4500
001 000019594
005 20200929170053.0
008 100630s2001 it r 000 f spa d
020 _a8888405054
040 _aDO-SdBNP
_bspa
_cBPNHU
082 _a853.912
_bP337d
100 1 _aPavese, Cesare
_d1908-1950
_942018
245 1 0 _aDe tu tierra /
_cCesare Pavese ; traducción Juan Manuel Fernández ; colaboración Paola Tomasinelli.
260 _aCesena :
_bArci Solidarietà Cesenate,
_c2001.
300 _a127 p. ;
_c17 cm.
490 1 _aColección un mar de sueños ;
_vno.5
500 _aIncluye referencia biográfica del autor [p. 125-126]
650 4 _aNovela italiana
_94322
650 4 _aLiteratura italiana
_93329
700 1 _aFernández, Juan Manuel,
_etr.
_942019
700 1 _aTomasinelli, Paola,
_942020
830 0 _aColección un mar de sueños ;
_nno.5
_942021
049 _aBNGR
999 _c19110
_d19110